Vplyv hospodárskej krízy na ekonomický rast diplomová práca

Gespeichert in:
Bibliographische Detailangaben
1. Verfasser: Majerčík, Peter
Körperschaft: Národohospodárska fakulta EU. Katedra hospodárskej politiky
Weitere Verfasser: Fifeková, Elena
Format: Buch
Sprache:Slowakisch
Veröffentlicht: Bratislava 2010
Tags: Tag hinzufügen
Keine Tags, Fügen Sie das erste Tag hinzu!

MARC

LEADER 00000nam a2200000 4500
001 0120042
005 20240318123734.7
041 0 |a slo 
044 |a SK 
245 1 0 |a Vplyv hospodárskej krízy na ekonomický rast  |b diplomová práca  |c Peter Majerčík ; škol. Elena Fifeková 
264 1 |a Bratislava  |c 2010 
300 |a 84 s. 
100 1 |a Majerčík, Peter 
700 1 |a Fifeková, Elena 
710 2 |a Národohospodárska fakulta EU. Katedra hospodárskej politiky